Дүрсгүй жаалын өдрийн тэмдэглэл:Нохой гаслам халуун өдрүүд=Diary of a Wimpy kid (Бичлэгийн дугаар. 1057475)

MARC дэлгэрэнгүй
000 -Удирдлага
Ном зүйн бүртгэл тоо буюу кодлох утгыг агуулсан 01070nam a22002537a 4500
008 - ЕРӨНХИЙ МЭДЭЭЛЭЛ-ЭЛЕМЕНТҮҮДИЙН ӨГӨГДЛИЙН УРТ
fixed length control field 240610b mp ||||| |||| 00| 0 mon d
020 ## - ОЛОН УЛСЫН СТАНДАРТ НОМЫН ДУГААР-ISBN
Олон Улсын Стандарт Номын Дугаар 978-99973-1-615-8
035 ## - СИСТЕМИЙН ХЯНАЛТЫН ДУГААР
Системийн хяналтын дугаар 25411
040 ## - ЭХ СУРВАЛЖИЙГ ТОДОРХОЙЛОН БИЧИХ
Анхны каталогийн байгууллага HUV0167120
Каталогийн хэл Монгол
Бичлэг хийж нэвтрүүлэх байгууллага MN-UlNLM
Өөрчлүүлэх байгууллага MN-UlNLM
Бичиглэлийн тодорхойлолт rda
041 ## - ХЭЛНИЙ КОД
Текстийн хэлний код/фонограм буюу салангид гарчиг Монгол
042 ## - AUTHENTICATION CODE
Authentication code 66589
084 ## - БУСАД АНГИЛЛЫН ДУГААР
Ангиллын нэр Номын сан номзүйн ангилал
Анги 84.8(7АНУ)
Зохиогчийн 3-н тэмдэгт К.41
100 ## - ЗОХИОГЧИЙН ХЭСЭГ
Зохиогчийн нэр Кинни Ж.
245 #0 - ҮНДСЭН ГАРЧИГ
Гарчиг Дүрсгүй жаалын өдрийн тэмдэглэл:Нохой гаслам халуун өдрүүд=Diary of a Wimpy kid
264 ## - ГАРАЛТЫН МЭДЭЭ
Хэвлэгдсэн газар Улаанбаатар
Бүтээгч, хэвлэгч, түгээгч, үйлдвэрлэгчийн нэр Цэнхэр гүзээлзгэнэ ХХК
Хэвлэгдсэн он 2018
300 ## - ТООНЫ МЭДЭЭ
Хуудасны тоо 270х.
336 ## - АГУУЛГЫН ТӨРӨЛ
Нөөц rdacontent
Агуулгын төрлийн нөхцөл text
Агуулгын төрлийн код txt
337 ## - MEDIA TYPE
Эх сурвалж rdamedia
Файлын төрөл unmediated
Файлын код n
338 ## - CARRIER TYPE
Source rdacarrier
Carrier type term volume
Carrier type code nc
490 ## - БОТИЙН/ЦУВРАЛЫН ТУХАЙ МЭДЭЭ
Ботийн/Цувралын дугаар 7
650 ## - Сэдэв
Сэдэв ...Дунд сургуульд тохиолдсон адал явдлуудын тухай Грегийн тэмдэглэл. Зуны амралт боллоо. Цаг агаар дулаарч хүүхдүүд гадаа тоглоц...
942 ## - ЭЛЕМЕНТИЙН ТӨРӨЛ
Анги Номын сан номзүйн ангилал
Төрөл Ном
Захиалгууд
Буцаан татагдсан төлөв Хасагдсан шалтгаан Гэмтсэн төлөв Данс заагч Захиалах боломжгүй Үндсэн номын сан Одоогийн байршил Салбар танхим Салбар танхим Бүртгэсэн огноо Тавиурын заалт Баркод Үнэ Хамгийн сүүлд байсан огноо Нийт уншлаганд гарсан тоо Дансны дугаар Төрөл
          Хөвсгөл аймаг Хөвсгөл аймаг Хөвсгөл | Үндсэн фонд Хөвсгөл | Үндсэн фонд 2024-07-01 84.8(7АНУ) К.41 HUV0125411-4-1 19900.00 2024-07-01   59067 Ном